Company Rivals - Statistics

General Stats
  • This quiz has been taken 634 times
  • The average score is 12 of 18
Answer Stats
Company A Company B % Correct
Coca-Cola Pepsi
100%
Nike Adidas
97%
McDonald's Burger King
93%
Mastercard Visa
92%
Samsung Apple
88%
Marvel Comics DC
87%
Airbus Boeing
80%
FedEx UPS
79%
General Motors Ford
77%
Nintendo Sony
74%
Energizer Duracell
62%
AT&T Verizon
62%
Dunkin' Donuts Starbucks
55%
Walgreens CVS
49%
Nikon Canon
38%
Mattel Hasbro
29%
Gibson Fender
28%
Procter & Gamble (P&G) Unilever
21%
No matching quizzes found
Score Distribution
Percent of People with Each Score
Percentile by Number Answered
Your Score History
You have not taken this quiz